Dwuczłonowe nazwy państw - Statystyki

Ogólne statystyki
  • Ten quiz został rozwiązany 361 razy
  • Średni wynik to 10 z 19
Statystyki odpowiedzi
Odpowiedź % Poprawnych
Wielka Brytania
83%
Nowa Zelandia
79%
Stany Zjednoczone
79%
Korea Południowa
70%
Korea Północna
69%
Arabia Saudyjska
61%
San Marino
53%
Macedonia Północna
51%
Sudan Południowy
51%
Gwinea Równikowa
46%
Gwinea Bissau
44%
Sri Lanka
44%
Wyspy Marshalla
44%
Wyspy Salomona
42%
Burkina Faso
41%
Timor Wschodni
39%
Republika Środkowoafrykańska
33%
Saint Lucia
33%
Sierra Leone
32%
Nie znaleziono quizów pasujących do podanych kryteriów
Rozkład punktacji
Procent ludzi z każdym wynikiem
Percentyl według liczby udzielonych odpowiedzi
Twoja historia wyników
Nie rozwiązałeś tego quizu